Sprach Wissenschaft (Record no. 59608)
[ view plain ]
| 000 -LEADER | |
|---|---|
| fixed length control field | 00469nam a22001937a 4500 |
| 005 - DATE & TIME | |
| control field | 20250407114411.0 |
| 008 - FIXED-LENGTH DATA ELEMENTS--GENERAL INFORMATION | |
| fixed length control field | 250401b |||||||| |||| 00| 0 eng d |
| 020 ## - ISBN | |
| International Standard Book Number | 9783110582956 |
| Price | 3586.31 |
| 040 ## - CATALOGING SOURCE | |
| Original cataloging agency | Doon University |
| 041 ## - Language | |
| Language | German |
| 082 ## - DDC NUMBER | |
| Book Number | HOF |
| Classification number | 410 |
| 100 ## - MAIN ENTRY--PERSONAL NAME | |
| Personal name | Hoffmann, Ludger |
| 245 ## - TITLE STATEMENT | |
| Title | Sprach Wissenschaft |
| Sub Title | : Ein Readr |
| 250 ## - EDITION STATEMENT | |
| Edition statement | 4th |
| 260 ## - PUBLICATION, DISTRIBUTION, ETC. (IMPRINT) | |
| Place of publication, distribution, etc | Berlin |
| Name of publisher, distributor, etc | De Gruyter |
| Date of publication, distribution, etc | 2019 |
| 300 ## - PHYSICAL DESCRIPTION | |
| Pages | 1091 |
| 650 ## - Subject | |
| Subject | German Language |
| 942 ## - ADDED ENTRY ELEMENTS (KOHA) | |
| Koha item type | Books |
| 100 ## - MAIN ENTRY--PERSONAL NAME | |
| -- | 25531 |
| 952 ## - LOCATION AND ITEM INFORMATION (KOHA) | |
| -- | 2025-04-01 |
| Withdrawn status | Lost status | Source of classification or shelving scheme | Damaged status | Not for loan | Location (home branch) | Sublocation or collection (holding branch) | Date acquired | Koha full call number | Accession No. | Koha date last seen | Koha item type |
|---|---|---|---|---|---|---|---|---|---|---|---|
| Doon University | Doon University | 01.04.2025 | 410 HOF | 50507 | 01.04.2025 | Books |